<?xml version="1.0" encoding="UTF-8"?>
<record
    xmlns:xsi="http://www.w3.org/2001/XMLSchema-instance"
    xsi:schemaLocation="http://www.loc.gov/MARC21/slim http://www.loc.gov/standards/marcxml/schema/MARC21slim.xsd"
    xmlns="http://www.loc.gov/MARC21/slim">

  <leader>01903na  a2200421   4500</leader>
  <datafield tag="952" ind1=" " ind2=" ">
    <subfield code="5">1</subfield>
    <subfield code="a">0001</subfield>
    <subfield code="b">0001</subfield>
    <subfield code="d">2017-02-02</subfield>
    <subfield code="e">2</subfield>
    <subfield code="f"> BRO&#x15E;&#xDC;RLER</subfield>
    <subfield code="l">0</subfield>
    <subfield code="o">BRO&#x15E;&#xDC;R 448</subfield>
    <subfield code="p">013346</subfield>
    <subfield code="r">2017-02-02 00:00:00</subfield>
    <subfield code="t">k.9</subfield>
    <subfield code="w">2017-02-02</subfield>
    <subfield code="y">VIS</subfield>
  </datafield>
  <datafield tag="999" ind1=" " ind2=" ">
    <subfield code="c">10116</subfield>
    <subfield code="d">10116</subfield>
  </datafield>
  <controlfield tag="001">21242</controlfield>
  <controlfield tag="003">MIRAKIL</controlfield>
  <controlfield tag="005">20200619172604.0</controlfield>
  <controlfield tag="008">170202b        tu            000 0      </controlfield>
  <datafield tag="035" ind1=" " ind2=" ">
    <subfield code="a">21242</subfield>
  </datafield>
  <datafield tag="040" ind1=" " ind2=" ">
    <subfield code="a">Milas</subfield>
    <subfield code="b">tur</subfield>
    <subfield code="c">TR-AnCHP</subfield>
  </datafield>
  <datafield tag="041" ind1=" " ind2=" ">
    <subfield code="a">tur</subfield>
  </datafield>
  <datafield tag="082" ind1=" " ind2=" ">
    <subfield code="a">CHP 324.2182</subfield>
    <subfield code="b">C3645a 2016</subfield>
  </datafield>
  <datafield tag="090" ind1=" " ind2=" ">
    <subfield code="a">BRO&#x15E;&#xDC;R 448</subfield>
  </datafield>
  <datafield tag="110" ind1=" " ind2=" ">
    <subfield code="a">Cumhuriyet Halk Partisi (CHP)</subfield>
    <subfield code="b">Halkla &#x130;li&#x15F;kiler</subfield>
  </datafield>
  <datafield tag="245" ind1=" " ind2=" ">
    <subfield code="a">AKP i&#xE7;in FET&#xD6;'n&#xFC;n milad&#x131;</subfield>
    <subfield code="b">(25 A&#x11F;ustos 2004 tarih ve 481 say&#x131;l&#x131; MGK karar&#x131; &#x131;&#x15F;&#x131;&#x11F;&#x131;nda)</subfield>
    <subfield code="c">CHP Halkla &#x130;li&#x15F;kiler</subfield>
  </datafield>
  <datafield tag="246" ind1=" " ind2=" ">
    <subfield code="a">FET&#xD6;'n&#xFC;n milad&#x131;</subfield>
  </datafield>
  <datafield tag="246" ind1=" " ind2=" ">
    <subfield code="a">AKP i&#xE7;in FET&#xD6;'n&#xFC;n milad&#x131;</subfield>
  </datafield>
  <datafield tag="260" ind1=" " ind2=" ">
    <subfield code="a">Ankara</subfield>
    <subfield code="b">CHP</subfield>
    <subfield code="c">Kas&#x131;m 2016</subfield>
  </datafield>
  <datafield tag="300" ind1=" " ind2=" ">
    <subfield code="a">48s.</subfield>
    <subfield code="b">rnk. res.</subfield>
    <subfield code="c">21 sm.</subfield>
  </datafield>
  <datafield tag="440" ind1=" " ind2=" ">
    <subfield code="a">CHP Halkla &#x130;li&#x15F;kiler yay&#x131;nlar&#x131;</subfield>
    <subfield code="p">Raporlar</subfield>
  </datafield>
  <datafield tag="505" ind1=" " ind2=" ">
    <subfield code="a">Neden 25 A&#x11F;ustos 2004 tarih ve 481 say&#x131;l&#x131; MGK karar&#x131; &amp;quot;Miat&amp;quot;? - 3. 481 say&#x131;l&#x131; MGK karar&#x131; uyguland&#x131; m&#x131; uygulanmad&#x131; m&#x131; ? AKP'lilerin ilgin&#xE7; itiraflar&#x131; - 4. CHP'nin tutumu - 5. AKP kapat&#x131;lma davas&#x131;'nda A.G&#xFC;l'&#xFC;n D&#x131;&#x15F;i&#x15F;leri bakanl&#x131;&#x11F;&#x131; genelgesi ve FET&#xD6; ba&#x11F;lant&#x131;s&#x131; - 6. FET&#xD6;'n&#xFC;n AK'lanmas&#x131;: irtican&#x131;n tehdit olmaktan &#xE7;&#x131;kart&#x131;lmas&#x131; - Erdo&#x11F;an ve KP, neden 17-25 Aral&#x131;k'&#x131; &amp;quot;Milat&amp;quot; g&#xF6;steriyor? - 8. Erdo&#x11F;an'&#x131;n G&#xFC;len ile diyalog aray&#x131;&#x15F;&#x131; : gazeteci Fehmi Koru'nun Pensilvanya'ya g&#xF6;nderilmesi</subfield>
  </datafield>
  <datafield tag="600" ind1=" " ind2=" ">
    <subfield code="a">G&#xFC;len, Fethullah</subfield>
    <subfield code="x">AKP</subfield>
  </datafield>
  <datafield tag="600" ind1=" " ind2=" ">
    <subfield code="a">Erdo&#x11F;an, Recep Tayyip</subfield>
    <subfield code="v">G&#xFC;len cemaati</subfield>
  </datafield>
  <datafield tag="610" ind1=" " ind2=" ">
    <subfield code="a">AKP</subfield>
    <subfield code="x">G&#xFC;len cemaati</subfield>
  </datafield>
  <datafield tag="610" ind1=" " ind2=" ">
    <subfield code="a">AKP</subfield>
    <subfield code="x">Siyaset ve y&#xF6;netim</subfield>
    <subfield code="y">2002-</subfield>
  </datafield>
  <datafield tag="610" ind1=" " ind2=" ">
    <subfield code="a">Cumhuriyet Halk Partisi (CHP)</subfield>
    <subfield code="b">Halkla &#x130;li&#x15F;kiler</subfield>
    <subfield code="x">FET&#xD6;</subfield>
  </datafield>
  <datafield tag="650" ind1=" " ind2=" ">
    <subfield code="a">17-25 Aral&#x131;k</subfield>
    <subfield code="x">Paralel devlet</subfield>
  </datafield>
  <datafield tag="650" ind1=" " ind2=" ">
    <subfield code="a">Paralel devlet</subfield>
  </datafield>
  <datafield tag="650" ind1=" " ind2=" ">
    <subfield code="a">AKP kapat&#x131;lma davas&#x131;</subfield>
  </datafield>
  <datafield tag="830" ind1=" " ind2=" ">
    <subfield code="a">CHP raporlar&#x131;</subfield>
  </datafield>
  <datafield tag="942" ind1=" " ind2=" ">
    <subfield code="c">BKS</subfield>
    <subfield code="2">ddc</subfield>
  </datafield>
  <datafield tag="999" ind1=" " ind2=" ">
    <subfield code="d">10116</subfield>
  </datafield>
  <datafield tag="999" ind1=" " ind2=" ">
    <subfield code="d">10116</subfield>
  </datafield>
  <datafield tag="999" ind1=" " ind2=" ">
    <subfield code="d">10116</subfield>
  </datafield>
</record>
